|
|
|
|
| LEADER |
00000nab a2200000 a 4500 |
| 001 |
vtls000581195 |
| 003 |
SK-MaSNL |
| 005 |
20260303011723.0 |
| 008 |
140302c1996 xo 0 slo |
| 015 |
|
|
|a SNBRB19rr/mm-uuuuu
|
| 035 |
|
|
|a CL0581333
|
| 040 |
|
|
|a SNKBUCL
|b slo
|c SNKBUCL
|e AACR2
|
| 041 |
0 |
|
|a slo
|
| 044 |
|
|
|a xo
|c SK
|
| 080 |
|
|
|a 616.36-002-036.1:615.277:578.245.4
|2 1981
|
| 080 |
|
|
|a 615.277
|2 1981
|
| 080 |
|
|
|a 578.245.4
|2 1981
|
| 100 |
1 |
|
|a Schréter, Ivan,
|d 1949-
|4 aut
|9 199518
|
| 245 |
1 |
0 |
|a Interferón alfa v liečbe chronickej vírusovej hepatitídy B a C
|c Ivan Schréter
|
| 300 |
|
|
|b Obr. 1
|
| 650 |
0 |
7 |
|a hepatitída vírusová chronická B
|2 snkbucl
|9 990593
|
| 650 |
0 |
7 |
|a hepatitída vírusová chronická C
|2 snkbucl
|9 990594
|
| 650 |
0 |
7 |
|a interferón alfa
|2 snkbucl
|9 15036
|
| 655 |
|
7 |
|a články z novín a časopisov
|2 snkbucl
|9 267496
|
| 773 |
0 |
|
|t Zdravotnícke noviny
|g Roč. 1, č. 1 (1996)
|
| 773 |
0 |
|
|t [Príl.] Lekárske listy
|g Č. 1 (1996), s. 3
|
| 850 |
|
|
|a Slovenská národná knižnica v Martine
|a MTA001
|
| 852 |
|
|
|a SNK
|b KIS3GCP
|
| 958 |
|
|
|a RK
|
| 992 |
|
|
|a RBX
|
| 999 |
|
|
|c 1593678
|d 1595608
|